FBT lifeline fuels dramatic tenancy gain (Record no. 63638)

MARC details
000 -LEADER
fixed length control field 00736cam a2200181 4500
001 - CONTROL NUMBER
control field ABS62388
008 - FIXED-LENGTH DATA ELEMENTS--GENERAL INFORMATION
fixed length control field 000000n2000 000 0 eng u
035 ## - SYSTEM CONTROL NUMBER
System control number (Sirsi) u106260
245 ## - TITLE STATEMENT
Title FBT lifeline fuels dramatic tenancy gain
260 ## - PUBLICATION, DISTRIBUTION, ETC.
Date of publication, distribution, etc. 2000
490 ## - SERIES STATEMENT
Series statement Rural Practice Bulletin
Volume/sequential designation March/April 2000, 8(1)
520 ## - SUMMARY, ETC.
Summary, etc. Reviews the 1999 CAAV tenanted farm survey. Net lettings totalled 61,000 acres, more than for the previous two years together; and only 16,000 acres was lost to the tenanted sector. New entrants and contract farming was covered for the first time in the survey. Details, graph
590 ## - LOCAL NOTE (RLIN)
Local note ABS
650 ## - SUBJECT ADDED ENTRY--TOPICAL TERM
Topical term or geographic name entry element CAAV TENANTED FARM SURVEY
650 ## - SUBJECT ADDED ENTRY--TOPICAL TERM
Topical term or geographic name entry element TENANTED FARMS
690 ## - LOCAL SUBJECT ADDED ENTRY--TOPICAL TERM (OCLC, RLIN)
Topical term or geographic name as entry element RURAL-MARKET
942 ## - ADDED ENTRY ELEMENTS (KOHA)
Suppress in OPAC 0
Holdings
Withdrawn status Lost status Source of classification or shelving scheme Damaged status Not for loan Home library Current library Shelving location Date acquired Total Checkouts Full call number Barcode Date last seen Copy number Price effective from Koha item type
    Dewey Decimal Classification     London London Journal article 05/06/2000   ABS62388 106260-1001 06/08/2019 1 06/08/2019 Journal article